书目信息 |
| 题名: |
新金融审计
|
|
| 作者: | 王晓冬 主编 | |
| 分册: | ||
| 出版信息: | 成都 四川大学出版社 1995.08 |
|
| 页数: | 382页 | |
| 开本: | 32开 | |
| 丛书名: | ||
| 单 册: | ||
| 中图分类: | F239.65 | |
| 科图分类: | ||
| 主题词: | 审计 | |
| 电子资源: | ||
| ISBN: | 7-5614-1164-2 | |
| 000 | 00540nam0 2200193 45 | |
| 001 | 0009082028 | |
| 005 | 20000908202628.2 | |
| 010 | @a7-5614-1164-2@d11.50元 | |
| 100 | @a20000908d1995 km y0chiy0120 ea | |
| 101 | 0 | @achi |
| 105 | @a z 000yy | |
| 200 | 1 | @a新金融审计@AXin Jin Rong Shen Ji@f王晓冬主编@FWang Xiao Dong Zhu Bian |
| 210 | @a成都@c四川大学出版社@d1995.08 | |
| 215 | @a382页@d32开 | |
| 606 | 0 | @a审计 |
| 690 | @aF239.65@v3 | |
| 701 | 0 | @a王晓冬@4主编 |
| 801 | @aCN@bPftUser@c20000908 | |
| 905 | @b129750-754@dF239.65@eW204@f5 | |
| 新金融审计/王晓冬主编.-成都:四川大学出版社,1995.08 |
| 382页;32开 |
| ISBN 7-5614-1164-2:11.50元 |
| ● |
| 相关链接 |
|
|
|
正题名:新金融审计
索取号:F239.65/W204
 
预约/预借
| 序号 | 登录号 | 条形码 | 馆藏地/架位号 | 状态 | 备注 |
| 1 | 129750 | 201297505 | 社科库409/409社科库 79排1列1层/ [索取号:F239.65/W204] | 在馆 | |
| 2 | 129751 | 201297514 | 社科二线422/422社科库 13排1列4层/ [索取号:F239.65/W204] | 在馆 | |
| 3 | 129752 | 201297523 | 社科二线422/409社科库 79排1列1层/ [索取号:F239.65/W204] | 在馆 | |
| 4 | 129753 | 201297532 | 社科库409/ [索取号:F239.65/W204] | 在馆 | |
| 5 | 129754 | 201297541 | 社科库409/409社科库 79排1列1层/ [索取号:F239.65/W204] | 在馆 |